000 00345nam a2200133Ia 4500
008 230717s9999 xx 000 0 und d
020 _a81-7534-447-4
041 _aeng
082 _a173.3
_bSWA
100 _aSwarup J. L.
245 _aMaking Of A Good Lawyer
250 _a2ed.
260 _aNew Delhi
_bUniversal Law Publishing Pvt. Ltd.
_c2005
999 _c672124
_d672124